000 00686nam a2200181 a 4500
003 0
005 20250528112836.0
008 021119s19uu xx 00 eng d
050 _aPHS LC 146.P6
_b.C37 2002
100 _aCapiz, Precious Grace D.
245 _aMajor causes of dropouts in Public High Schools of Talon, Las Piñas /
_cPrecious Grace D. Capiz.
260 _aLas Piñas City, Philippines :
_bSouthville International School and Colleges,
_c2002.
300 _a46 pages :
_billustrations ;
_c28 cm.
504 _aIncludes bibliographical references.
650 _aHigh school dropouts
_zPhilippines.
650 _aPublic schools
_zPhilippines
_zLas Piñas.
942 _2lcc
_cPASS
999 _c96687
_d96687